Music Quiz

Random Music or Song Quiz

2014 Billboard Year End Hot 100 Quiz Stats

 Plays Quiz Updated Jan 11, 2015

Challenge
Share
Tweet
Embed
Score 0/100 Timer 15:00
9 Plays Today
# Song % Correct
1.Happy
97.2%
8.All About That Bass
78.9%
4.Fancy
78%
3.All of Me
77.8%
2.Dark Horse
77%
20.Royals
73.8%
13.Shake It Off
72.5%
7.Rude
70%
21.Let It Go
67.1%
10.Stay With Me
64.5%
11.Timber
63.8%
9.Problem
62.4%
44.Wrecking Ball
61.9%
27.Bang Bang
60.7%
12.Pompeii
58.2%
25.Chandelier
58.2%
5.Counting Stars
57.8%
16.The Monster
54%
6.Talk Dirty
54%
62.Animals
53%
71.Animals
53%
26.Black Widow
52.4%
83.Blurred Lines
50.9%
19.Let Her Go
50.5%
57.Radioactive
50%
36.Anaconda
49.4%
17.Say Something
48.8%
22.Wake Me Up
48.2%
18.Team
45.7%
52.Don't
45.6%
34.Boom Clap
45.1%
14.Am I Wrong
44%
35.Drunk in Love
43.5%
15.Turn Down for What
43%
# Song % Correct
46.Roar
41.4%
23.Demons
41.1%
39.Burn
39.6%
29.Maps
39.1%
28.Latch
38.5%
40.Wiggle
38.1%
37.Break Free
37.5%
56.Sing
36.9%
32.Habits (Stay High)
36.8%
41.Rather Be
36.2%
33.Summer
35.8%
24.Story of My Life
33.1%
31.Best Day of My Life
32%
50.Classic
31.4%
69.Shower
29.8%
61.Trumpets
29.4%
48.The Man
29.2%
74.Brave
28.6%
59.Cool Kids
28%
47.Ain't It Fun
26.8%
51.A Sky Full of Stars
26.5%
60.Hey Brother
26.1%
82.La La La
25.8%
93.She Looks So Perfect
25.2%
86.Amnesia
23.1%
42.Don't Tell 'Em
22.8%
75.Sweater Weather
22.2%
80.Birthday
21.6%
90.23
21.3%
38.Bailando
20.5%
70.Me and My Broken Heart
20.4%
94.Stay the Night
19.7%
85.Can't Remember to Forget You
19.5%
30.Loyal
19.3%
# Song % Correct
67.Love Runs Out
16.7%
84.Do What U Want
16.6%
100Adore You
15.6%
78.Love Never Felt So Good
15.4%
88.Come With Me Now
15.3%
55.Hold On, We're Going Home
14.3%
49.This Is How We Roll
13.8%
45.Not a Bad Thing
13.4%
95.Partition
13.2%
65.2 On
12.1%
99.Somethin' Bad
12.1%
66.Dirt
11.5%
92.White Walls
11.3%
43.Show Me
11.3%
87.No Mediocre
10.1%
81.Bartender
10.1%
54.Hot Boy
10.1%
53.Na Na
9.8%
77.New Flame
9.5%
72.Lifestyle
8.8%
79.Drunk On a Plane
8.4%
58.My Hitta
8.1%
73.American Kids
7.9%
97.0 to 100 / The Catch Up
7.6%
64.Play It Again
7.3%
76.Leave the Night On
6.9%
63.Burnin' It Down
6.9%
68.Bottoms Up
6.8%
98.I Don't Dance
6.4%
96.Studio
6.1%
91.Beachin'
6%
89.Believe Me
5.4%

You're not logged in!

Compare scores with friends on all Sporcle quizzes.
OR
Log In

You Might Also Like...

Show Comments

Extras

Top Quizzes Today


Score Distribution

Your Account Isn't Verified!

In order to create a playlist on Sporcle, you need to verify the email address you used during registration. Go to your Sporcle Settings to finish the process.

Report this User

Report this user for behavior that violates our Community Guidelines.

Details: